Les pilotes de F1 en 2024 (image) - Statistiques

Statistiques générales
  • Ce quiz a été pris 206 fois
  • Le résultat moyen est 18 sur 20
Statistiques - réponses
Par images Réponse % Correct
Lewis Hamilton
99%
Charles Leclerc
97%
Max Verstappen
96%
Carlos Sainz
95%
Pierre Gasly
95%
Sergio Perez
94%
Esteban Ocon
93%
Lando Norris
93%
Daniel Ricciardo
91%
Fernando Alonso
91%
Valtteri Bottas
91%
Yuki Tsunoda
91%
Lance Stroll
90%
Oscar Piastri
89%
George Russell
86%
Kevin Magnussen
86%
Nico Hülkenberg
86%
Alexander Albon
83%
Logan Sargeant
79%
Zhou Guanyu
66%
Aucun quiz correspondant
Distribution des résultats
% des personnes avec chaque résultat
Percentile par nombre de réponses
Votre historique - résultats
Vous n’avez pas pris ce quiz